Topology of Lie groups, I and II

Αποθηκεύτηκε σε:
Λεπτομέρειες βιβλιογραφικής εγγραφής
Κύριος συγγραφέας: Mimura, M. (Mamoru) 1938-
Άλλοι συγγραφείς: Toda, Hiroshi 1928-
Μορφή: Βιβλίο
Γλώσσα:English
Δημοσίευση: Providence, Rhode island : American Mathematical Society, c1991
Σειρά:Translations of mathematical monographs ; ; 91
Θέματα:
Ετικέτες: Προσθήκη ετικέτας
Δεν υπάρχουν, Καταχωρήστε ετικέτα πρώτοι!

MARC

LEADER 00000nam a2200000 i 4500
001 1/78074
008 990419s1978 eng d
020 |a 0-8218-4541-1 
035 |l 10050065 
040 |a GR-MY-UA  |b gre  |e aacr 
041 0 |a eng 
082 0 |a 512.55 
100 1 |a Mimura, M.  |q (Mamoru)  |d 1938- 
245 1 0 |a Topology of Lie groups, I and II /  |c Mamoru Mimura, Hirosi Toda 
260 |a Providence, Rhode island :   |b American Mathematical Society,   |c c1991 
300 |a 2 parts in 1;  |c 24 cm. 
490 1 |a Translations of mathematical monographs  |v ; 91 
500 |a Includes bibliographical references and index 
505 0 |a part I: From linear algebra to the periodicity of KO-groups -- part II: From the theory of compact Lie groups to excetional groups 
650 0 0 |a Lie groups. 
650 0 0 |a Topology. 
700 1 |a Toda, Hiroshi  |d 1928- 
830 0 |a Translations of mathematical monographs ;  |v ; 91 
852 |a INST  |b SAMOS  |e 19990419  |h 512.55 MIM  |p 005300013110  |q 005300013110  |t BK  |y 0 
901 |a BIBL-1999-1 
909 |a Σ  |b 064103 
922 |a 3ΕΛΗ  |b 199901  |c ΚΠΣ  |d GLORY